All Characters in Star Wars - Statistics

General Stats
  • This quiz has been taken 9 times
  • The average score is 24 of 105
Answer Stats
Hint Answer % Correct
a Anakin
88%
p Palpatine
88%
y Yoda
88%
h Han Solo
75%
l Lando
75%
l Luke
75%
o Obi wan
75%
q Qui Gon
75%
v Vader
75%
b Boba Fett
63%
c C-3PO
63%
k Kit Fisto
63%
l Leia
63%
m Mace Windu
63%
r R2-D2
63%
a Admiral Ackbar
50%
d Dooku
50%
j Jango Fett
50%
k Ki Adi Mundi
50%
p Padme
50%
p Plo Koon
50%
r Rey
50%
s Shaak Ti
50%
t Tarkin
50%
a Aayla Secura
38%
b Bail Organa
38%
b BB8
38%
b Beru Lars
38%
f Fin
38%
g Greedo
38%
j Jabba the Hutt
38%
j Jar Jar Binks
38%
k Kylo Ren
38%
o Owen Lars
38%
p Poe
38%
y Yaddle
38%
a Adi Gallia
25%
b Bib Fortuna
25%
c Chewie
25%
c Cody
25%
d Darth Mual
25%
e Ezra
25%
g General Grievous
25%
w Watto
25%
w Wedge
25%
a Ahsoka
13%
b Biggs
13%
b Bossk
13%
c Captain Rex
13%
c Commander Fox
13%
d Darth Bane
13%
d Darth Nihilus
13%
d Dengar
13%
g General Veers
13%
h Hera
13%
i IG 88
13%
j Jawa
13%
j Jek Porkins
13%
k Kanan
13%
m Mon Mothma
13%
n Nute Gunray
13%
r Revan
13%
s Shmi Skywalker
13%
a Admiral Motti
0%
a Admiral Thrawn
0%
b Baarriss Offee
0%
b BoShek
0%
c Cad Bane
0%
c Captain Gregar
0%
c Chopper
0%
c Commander Appo
0%
c Commander Bacara
0%
c Commander Gree
0%
c Commander Neyo
0%
c Commander Thire
0%
d Darht Plagueis
0%
d Darth Malgus
0%
d Djas Puhr
0%
d Durga the Hutt
0%
e Even Piell
0%
g Gardulla the Hutt
0%
g Garven
0%
g General Dodonna
0%
g General Tagge
0%
g General Willard
0%
l Luminara
0%
m Mas Amedda
0%
m Mother Talzin
0%
n Nabrun Leids
0%
o Orn Free Taa
0%
p Phasma
0%
p Ponda Baba
0%
p Pre Vizsla
0%
r Rune Haako
0%
s Sabine
0%
s Saesee Tiin
0%
s Sebulba
0%
t Tusken Raider
0%
v Ventress
0%
w Wat Tambor
0%
w Wicket
0%
w Wioslea
0%
w Wuher
0%
z Zeb
0%
z Zuckuss
0%
No matching quizzes found
Score Distribution
Percent of People with Each Score
Percentile by Number Answered
Your Score History
You have not taken this quiz